Villes du Loiret de plus de 10 000 habitants - Statistiques

Statistiques générales
  • Ce quiz a été pris 142 fois
  • Le résultat moyen est 8 sur 12
Statistiques - réponses
Ville Population % Correct
Orléans 117 670
100%
Montargis 15 471
90%
Olivet 23 478
83%
Saran 16 880
82%
Gien 12 833
75%
Fleury-les-Aubrais 21 632
74%
Saint-Jean-de-la-Ruelle 16 694
72%
Saint-Jean-de-Braye 22 557
66%
Amilly 13 588
46%
La Chapelle-Saint-Mesmin 10 249
44%
Châlette-sur-Loing 12 690
37%
Ingré 10 291
29%
Aucun quiz correspondant
Distribution des résultats
% des personnes avec chaque résultat
Percentile par nombre de réponses
Votre historique - résultats
Vous n’avez pas pris ce quiz